|
|
|
|
| LEADER |
00000nas a2200000 a 4500 |
| 001 |
ssj0003844 |
| 003 |
WaSeSS |
| 005 |
20200512172242.0 |
| 006 |
m d |
| 007 |
cr n |
| 008 |
960712c19579999dcubr pss 0 a0eng c |
| 010 |
|
|
|a 2008201991
|
| 022 |
|
|
|a 1943-5673
|l 0003-1453
|y 0003-1453
|
| 035 |
|
|
|a (WaSeSS)ssj0003844
|
| 037 |
|
|
|b American University Law Review, 4400 Massachusetts Ave. NW, Washington, DC 20016
|
| 040 |
|
|
|a LMU
|b eng
|c LMU
|d OCL
|d OCLCQ
|d FPS
|d PUL
|d N@F
|d OCLCQ
|d DLC
|d NDO
|d VRC
|d OCLCQ
|d OCLCO
|d OCLCQ
|d OCLCO
|d OCLCA
|d OCLCF
|d OCLCO
|d OCLCQ
|d OCLCA
|d DLC
|d AU@
|d WaSeSS
|
| 042 |
|
|
|a pcc
|a nsdp
|
| 043 |
|
|
|a n-us---
|
| 050 |
1 |
4 |
|a K1
|
| 082 |
1 |
0 |
|a 340
|2 14
|
| 130 |
0 |
|
|a American University law review (Online)
|
| 222 |
|
4 |
|a The American University law review
|b (Online)
|
| 245 |
1 |
4 |
|a The American University law review
|h [electronic resource].
|
| 260 |
|
|
|a [Washington, D.C.] :
|b Washington College of Law
|
| 310 |
|
|
|a Six issues yearly
|
| 362 |
1 |
|
|a Print began with vol. 6 (Jan. 1957).
|
| 500 |
|
|
|a Editor-in-chief <1995-1996> : Denise S. Wolf.
|
| 506 |
|
|
|a License restrictions may limit access.
|
| 520 |
|
|
|a This journal addresses a wide range of issues pertaining to law.
|
| 588 |
|
|
|a Description based on: Vol. 45, no. 1 (Oct. 1995); title from title screen.
|
| 588 |
|
|
|a Latest issue consulted: Vol. 57, no. 5 (June 2008) (publisher's Web site, viewed Aug. 8, 2008).
|
| 610 |
2 |
4 |
|a American University. Washington College of Law.
|
| 650 |
|
0 |
|a Law
|z United States
|v Periodicals.
|
| 650 |
|
0 |
|a Law reviews
|z Washington (D.C.)
|
| 650 |
|
0 |
|a Methodist universities and colleges.
|
| 650 |
|
0 |
|a Private universities and colleges.
|
| 650 |
|
0 |
|a Electronic journals.
|
| 650 |
|
0 |
|a Law schools.
|
| 650 |
|
0 |
|a Law reviews.
|
| 650 |
|
7 |
|a Electronic journals.
|2 fast
|0 (OCoLC)fst00907317
|
| 650 |
|
7 |
|a Law.
|2 fast
|0 (OCoLC)fst00993678
|
| 650 |
|
7 |
|a Law reviews.
|2 fast
|0 (OCoLC)fst00994120
|
| 650 |
|
7 |
|a Law schools.
|2 fast
|0 (OCoLC)fst00994121
|
| 650 |
|
7 |
|a Methodist universities and colleges.
|2 fast
|0 (OCoLC)fst01018698
|
| 650 |
|
7 |
|a Private universities and colleges.
|2 fast
|0 (OCoLC)fst01077624
|
| 651 |
|
0 |
|a Washington (D.C.)
|
| 651 |
|
7 |
|a United States.
|2 fast
|0 (OCoLC)fst01204155
|
| 651 |
|
7 |
|a Washington (D.C.)
|2 fast
|0 (OCoLC)fst01204505
|
| 655 |
|
0 |
|a Electronic journals.
|
| 710 |
2 |
|
|a Washington College of Law.
|
| 776 |
0 |
8 |
|i Print version:
|t American University law review
|x 0003-1453
|w (DLC)sf 82007043
|w (OCoLC)1480950
|
| 780 |
0 |
0 |
|t American University intramural law review (Online)
|w (DLC) 2009236912
|w (OCoLC)49651167
|
| 787 |
0 |
8 |
|i Online companion:
|t American University law review forum
|x 2639-6319
|w (DLC) 2018203671
|w (OCoLC)1048005181
|
| 856 |
4 |
0 |
|z Full text available from Research Library: 04/01/2011 to present
|u https://search.proquest.com/publication/7438
|